El comercio exterior: un eje de la estrategia del modelo chileno /

A partir del término del régimen militar, la concertación de Partidos por la Democracia, se propuso como uno de sus objetivos principales la re-inserción internacional del país, siendo una de sus aristas más relevantes el ámbito económico-comercial. Sobre esta base, el propósito del presente trabajo...

Descrizione completa

Salvato in:
Dettagli Bibliografici
Autore principale: Aranda Bustamante, Gilberto
Altri autori: Riquelme Rivera, Jorge
Natura: testo
Soggetti:
Tags: Aggiungi Tag
Nessun Tag, puoi essere il primo ad aggiungerne!!

MARC

LEADER 00000 a a2200000 04500
001 40716
003
040
100 |a Aranda Bustamante, Gilberto  
245 |a El comercio exterior:   |b un eje de la estrategia del modelo chileno /  |c Gilberto Aranda Bustamante ; Jorge Riquelme Rivera  
520 |a A partir del término del régimen militar, la concertación de Partidos por la Democracia, se propuso como uno de sus objetivos principales la re-inserción internacional del país, siendo una de sus aristas más relevantes el ámbito económico-comercial. Sobre esta base, el propósito del presente trabajo es analizar las características y tendencias del comercio exterior chileno desde la vuelta de la democracia.  
590 |a RRH/SEPTIEMBRE2012  
650 |a 1.POLITICA EXTERIOR  
650 |a 2.COMERCIO INTERNACIONAL  
650 |a 3.EXPORTACIONES  
650 |a 4.PRODUCCION  
650 |a 5.ACUERDOS COMERCIALES  
650 |a 6.CHILE  
700 |a Riquelme Rivera, Jorge  
773 |g volumen19, número33 ( , 2008), páginas 11-23 : tablas  
999 |c 37407  |d 37407